000 00748nam a2200229 i 4500
001 107962
003 ES-MaACL
005 20250829080505.0
007 t|
008 070103s1970 sp ||||1| spa d
080 _a82-311.2"18"
100 1 _aMelville, Herman.
_980033
245 1 0 _aBenito Cereno /
_cHerman Melville; prólogo de Juan Benet; traducción de Nicanor Ancochea.
260 _aMadrid :
_bSalvat,
_c1970.
300 _a138 p., 1 h. ;
_c19 cm.
490 1 _aBiblioteca básica Salvat de Libros RTV ;
_v61
700 1 _aAncochea, Nicanor.
_921411
700 1 _aBenet, Juan.
_927536
830 0 0 _aBiblioteca básica Salvat de libros RTV
_v61
_9185398
852 _aES-MaACL
_jE-2982
_bR.69765
999 _c107962
_d107962